The constitution of Malaysia : (Record no. 1843)

000 -LEADER
fixed length control field nam a22 a 4500
003 - CONTROL NUMBER IDENTIFIER
control field AKMAL
005 - DATE AND TIME OF LATEST TRANSACTION
control field 20170512102440.0
008 - FIXED-LENGTH DATA ELEMENTS--GENERAL INFORMATION
fixed length control field 170512s1978 my 00 eng d
020 ## - INTERNATIONAL STANDARD BOOK NUMBER
International Standard Book Number 0195804066
-- 0195804058
040 ## - CATALOGING SOURCE
Original cataloging agency AKMAL
Transcribing agency AKMAL
082 04 - DEWEY DECIMAL CLASSIFICATION NUMBER
Classification number 342.5 TUN
090 00 - LOCALLY ASSIGNED LC-TYPE CALL NUMBER (OCLC); LOCAL CALL NUMBER (RLIN)
Classification number (OCLC) (R) ; Classification number, CALL (RLIN) (NR) 342.5
Local cutter number (OCLC) ; Book number/undivided call number, CALL (RLIN) TUN
245 04 - TITLE STATEMENT
Title The constitution of Malaysia :
Remainder of title its development, 1957-1977 /
Statement of responsibility, etc. ed. by Tun Mohamed Suffian, H. P. Lee, F. A. Trindade
260 ## - PUBLICATION, DISTRIBUTION, ETC.
Place of publication, distribution, etc. Kuala Lumpur :
Name of publisher, distributor, etc. Oxford University Press,
Date of publication, distribution, etc. 1978
300 00 - PHYSICAL DESCRIPTION
Extent 425p. ;
Dimensions 26cm
504 ## - BIBLIOGRAPHY, ETC. NOTE
Bibliography, etc. note Includes bibliographical references and index
651 #0 - SUBJECT ADDED ENTRY--GEOGRAPHIC NAME
Geographic name Malaysia
General subdivision Constitutional history
9 (RLIN) 3825
700 0# - ADDED ENTRY--PERSONAL NAME
Personal name Muhammad Suffian bin Hashim,
Titles and other words associated with a name Tun,
Dates associated with a name 1917-
9 (RLIN) 3826
700 1# - ADDED ENTRY--PERSONAL NAME
Personal name Lee, H. P.
9 (RLIN) 3827
700 1# - ADDED ENTRY--PERSONAL NAME
Personal name Trindade, F. A.
9 (RLIN) 3828
942 ## - ADDED ENTRY ELEMENTS (KOHA)
Source of classification or shelving scheme
Koha item type Book
Holdings
Withdrawn status Lost status Source of classification or shelving scheme Damaged status Not for loan Collection code Home library Current library Shelving location Date acquired Inventory number Total Checkouts Full call number Barcode Date last seen Price effective from Koha item type
          NON-FICTION AKMAL Melaka AKMAL Melaka PINJAMAN 12.05.2017 300091   342.5 TUN 201705757 12.05.2017 12.05.2017 Book
Pusat Sumber Maklumat Dato' Haji Sarmin Md Hussin, Akademi Kastam Diraja Malaysia, Melaka
Tel: 06-2331106 | Faks: 06-2313787